000 00280nam a2200121Ia 4500
005 20251222143116.0
008 251222s9999||||xx |||||||||||||| ||spa||
020 _a84-320-8223-6
082 _a813.54/K16
100 _a"Kahn, James"
245 0 _aEl retorno del Jedi
942 _cLIB
999 _c11355
_d11355